PageMaker Příručka pro uživatele

Bibliographic Details
Main Author: Stiebitz, Richard (Author)
Format: Book
Language:Czech
PhysicalDescription:111, [9] s. 23 cm
Published: Praha Grada 1991
ISBN:8085424010
Edition:1. vyd.
Series:Nestůjte za dveřmi

MARC

LEADER 00000nam a2200000 a 4500
001 vtls001132975
003 SK-MaSNL
005 20260301153807.0
008 250414s1991 CS 0 cze
020 |a 8085424010 
035 |a SNK000075827 
040 |a SNK  |b slo  |c SNK  |e AACR2 
041 0 |a cze 
044 |a [CS] 
080 |a 681.3.066 PAGEMAKER  |2 1981 
100 1 |a Stiebitz, Richard  |4 aut  |9 515760 
245 1 0 |a PageMaker  |b Příručka pro uživatele  |c Richard Stiebitz 
250 |a 1. vyd. 
260 |a Praha  |b Grada  |c 1991 
300 |a 111, [9] s.  |c 23 cm 
490 0 |a Nestůjte za dveřmi 
852 |a Slovenská národná knižnica 
919 |a 80-85424-01-0 
954 |a PAGEMAKER (program počítačový) 
999 |c 794497  |d 796427 
952 |t P60, <04>, [BOOK], {604}  |a SNK  |b SNK  |y VYP  |7 0  |p 17A0102067  |o snkIC 120325  |0 0  |1 0  |4 0  |d 1997-10-15  |l 0  |r 2005-01-01 00:00:00  |w 2026-02-24